[Event "VII Ugra Governor's Cup"]
[Site "Khanty-Mansiysk RUS"]
[Date "2011.09.05"]
[Round "6"]
[White "Ivanets,V RUS"]
[Black "Kabanov,N"]
[Result "0-1"]
[WhiteElo "2188"]
[BlackElo "2520"]

1.e4 c5 2.Nf3 e6 3.d4 cxd4 4.Nxd4 Nc6 5.Nc3 Nf6 6.Ndb5 d6 7.Bf4 e5 8.Bg5 a6
9.Na3 b5 10.Nd5 Be7 11.Bxf6 Bxf6 12.c3 O-O 13.Nc2 Bg5 14.g3 Ne7 15.Nxe7+ Qxe7
16.Bg2 a5 17.O-O Rb8 18.Qd3 Be6 19.Ne3 Bxe3 20.Qxe3 b4 21.Rfc1 Rfc8 22.cxb4 axb4
23.Rxc8+ Rxc8 24.Qb6 Rc4 25.h4 Qc7 26.Qxc7 Rxc7 27.a4 bxa3 28.bxa3 Ra7 29.Rd1 Ra6
30.Bf1 Rxa3 31.Rxd6 Kf8 32.Ra6 Rc3 33.Ra1 Ke7 34.Be2 Rc2 35.Re1 Kd6 36.Bf1 Kc5
37.Rd1 h5 38.Ra1 Ba2 39.Re1 Bb3 40.Be2 g6 41.g4 hxg4 42.Bxg4 Kd4 43.h5 gxh5
44.Bxh5 Rb2 45.Kg2 Rd2 46.Kg3 Rd3+ 47.Kh4 f6 48.Bg4 Rd2 49.Kg3 Bc2 50.f3 Bd1
51.Rh1 Ke3 52.Re1+ Be2 53.Rb1 Rd6 54.Rb3+ Bd3 55.Bh3 Ke2 56.Rb2+ Ke1 57.Ra2 Rd8
58.Bg4 Rb8 59.Rh2 Be2 60.Rh6 Rb6 61.Rh2 Kd2 62.Rh6 Ke3 63.Rg6 Ra6 64.Rh6 f5
65.Rxa6 f4+ 66.Kg2 Bxa6 67.Bf5 Bb5 68.Bg4 Be8 69.Kg1 Ba4 70.Kg2 Bb5  0-1

[Event "VII Ugra Governor's Cup"]
[Site "Khanty-Mansiysk RUS"]
[Date "2011.09.05"]
[Round "6"]
[White "Popov,M RUS"]
[Black "Soloviov,V"]
[Result "1-0"]
[WhiteElo "2065"]
[BlackElo "1850"]

1.e4 c5 2.Nf3 e6 3.Nc3 Nc6 4.d4 cxd4 5.Nxd4 Qc7 6.Be3 a6 7.Qd2 Nf6 8.f3 Be7
9.O-O-O O-O 10.g4 Rd8 11.g5 Ne8 12.h4 b5 13.Qg2 Nxd4 14.Bxd4 d5 15.exd5 exd5
16.Qf2 b4 17.Bb6 Qf4+ 18.Be3 Qe5 19.f4 Qe6 20.Nxd5 Rxd5 21.Rxd5 Bb7 22.Re5 Qxa2
23.Rxe7 Bxh1 24.Bd4 Nd6 25.Bd3 Qd5 26.Qe3 Qc6 27.Qe5 Kf8 28.Bc5 Rd8 29.Bxh7 Bd5
30.Ra7 Be6 31.Be4  1-0

[Event "15th Cesenatico Open"]
[Site "Cesenatico ITA"]
[Date "2011.09.06"]
[Round "5"]
[White "Virzi,E"]
[Black "Mastrolonardo,Francesco"]
[Result "1/2-1/2"]
[WhiteElo "1951"]
[BlackElo "1719"]

1.e4 c5 2.Nf3 e6 3.d4 cxd4 4.Nxd4 Nc6 5.Nc3 Qc7 6.Be3 a6 7.f4 d6 8.Be2 Nf6
9.a4 Be7 10.O-O Bd7 11.Nb3 b6 12.Bf3 Nb4 13.Qd2 Rc8 14.Rad1 Bc6  1/2-1/2

[Event "10th Izmir Open"]
[Site "Izmir TUR"]
[Date "2011.09.06"]
[Round "7"]
[White "Keler,F"]
[Black "Neverov,V"]
[Result "1/2-1/2"]
[WhiteElo "2253"]
[BlackElo "2508"]

1.e4 c5 2.Nf3 e6 3.d4 cxd4 4.Nxd4 Nc6 5.Nc3 Qc7 6.Be3 Nf6 7.f4 Bb4 8.Nb5 Qa5
9.e5 Ne4 10.Qd3 f5 11.exf6 Nxf6 12.Nd6+ Bxd6 13.Qxd6 Ne4 14.Qd3 d5 15.Qb5 Nxc3
16.Qxa5 Nxa5 17.Bd2 Ne4 18.Bxa5 O-O 19.Bc7 Bd7 20.Be5 Be8 21.Be2 Rc8 22.Rc1  1/2-1/2

[Event "FIDE World Cup 2011"]
[Site "Khanty-Mansiysk RUS"]
[Date "2011.09.06"]
[Round "4.1"]
[White "Zherebukh,Y"]
[Black "Navara,D"]
[Result "0-1"]
[WhiteElo "2590"]
[BlackElo "2722"]

1.e4 c5 2.Nf3 e6 3.d4 cxd4 4.Nxd4 Nc6 5.Nc3 a6 6.Be2 d6 7.O-O Nf6 8.Be3 Be7
9.f4 O-O 10.Qe1 Nxd4 11.Bxd4 b5 12.a3 Bb7 13.Qg3 g6 14.Bf3 a5 15.Nxb5 Nxe4
16.Qe1 f5 17.Nc3 d5 18.Qe3 Bf6 19.Be2 Ba6 20.Bd3 Bxd4 21.Qxd4 Bxd3 22.cxd3 Nd2
23.Rae1 Nxf1 24.Rxe6 Nd2 25.Nxd5 Nb3 26.Qe5 Ra7 27.Kf1 Raf7 28.h4 a4 29.h5 gxh5
30.g3 Qb8 31.Rd6 Qb7 32.Rh6 Rd8 33.Nf6+ Rxf6 34.Rxf6 Nd2+ 35.Kf2 Qf3+  0-1

[Event "DYTM Nazrin Shah Inv"]
[Site "Kuala Lumpur MAS"]
[Date "2011.09.06"]
[Round "3.5"]
[White "Goh Weiming"]
[Black "Das,Arg"]
[Result "0-1"]
[WhiteElo "2449"]
[BlackElo "2461"]

1.e4 c5 2.Nf3 e6 3.d4 cxd4 4.Nxd4 Nc6 5.Nc3 Qc7 6.Be3 a6 7.Bd3 Nf6 8.O-O Be7
9.f4 d6 10.Qf3 Bd7 11.a4 Rc8 12.Kh1 O-O 13.Rae1 Nb4 14.g4 Bc6 15.f5 Nd7 16.Qg2 exf5
17.Nxf5 Ne5 18.Bd4 g6 19.Re3 gxf5 20.gxf5+ Kh8 21.Rh3 Rg8 22.Rxh7+ Kxh7 23.Qh3+ Kg7
24.Rg1+ Kf8 25.Qh6+ Ke8 26.Rxg8+ Kd7 27.Rg7 Rf8 28.f6 Bd8 29.Qh3+ Ke8 30.Qf1 Qd7
31.Rg5 Nbxd3 32.cxd3 Qe6 33.Rf5 Nxd3 34.Qf3 Rg8 35.h3 Ne1 36.Qf4 Ng2 37.Qf2 Bxe4
38.Nxe4 Qxe4  0-1

[Event "TCh-POL 1st League"]
[Site "Mrzezyno POL"]
[Date "2011.09.06"]
[Round "4"]
[White "Jaracz,P"]
[Black "Stachowiak,K"]
[Result "1/2-1/2"]
[WhiteElo "2558"]
[BlackElo "2425"]

1.e4 c5 2.Nf3 e6 3.d4 cxd4 4.Nxd4 Nc6 5.Nc3 Qc7 6.g3 a6 7.Bg2 d6 8.O-O Bd7
9.Nxc6 Bxc6 10.a4 Be7 11.a5 Nf6 12.Be3 O-O 13.Bb6 Qb8 14.Qd2 Nd7 15.Bd4 Qc7
16.Na4 Rae8 17.Nb6 f5 18.exf5 Bxg2 19.Kxg2 Rxf5 20.Kg1 Nxb6 21.Bxb6 Qc6 22.Rfe1 Bf6
23.c3 Re5 24.Rxe5 Bxe5 25.Re1 Bf6 26.Qd3 d5 27.f4 e5 28.fxe5 Rxe5 29.Rxe5 Bxe5
30.Qe3 Bf6  1/2-1/2

[Event "1st Barclays Open A"]
[Site "Rome ITA"]
[Date "2011.09.06"]
[Round "3.2"]
[White "Kulaots,K"]
[Black "Di Berardino,D"]
[Result "1-0"]
[WhiteElo "2592"]
[BlackElo "2483"]

1.e4 c5 2.Nf3 e6 3.d4 cxd4 4.Nxd4 Nc6 5.Nc3 Qc7 6.Be2 a6 7.O-O Nf6 8.Be3 Be7
9.f4 d6 10.a4 O-O 11.Kh1 Re8 12.Bf3 Rb8 13.Bf2 Bf8 14.Bg3 Nd7 15.Qd2 Nxd4
16.Qxd4 b6 17.e5 dxe5 18.fxe5 Bc5 19.Qh4 Nf8 20.Ne4 Bb7 21.Qh5 Rbd8 22.c3 a5
23.Nd6 Bxf3 24.Qxf3 Bxd6 25.exd6 Qd7 26.c4 Rc8 27.b3 e5 28.Rad1 Re6 29.Rd5 f6
30.Rfd1 Rc6 31.Qd3 Re8 32.Bf2 Ne6 33.Be3 Nd8 34.Rb5 Re6 35.Rxb6 Rxb6 36.Bxb6 Nc6
37.Qd5 e4 38.Be3 Kh8 39.Qxc6 Qxc6 40.d7  1-0

[Event "InventiChess GM"]
[Site "Antwerp BEL"]
[Date "2011.09.07"]
[Round "5.5"]
[White "Paehtz,E"]
[Black "Savina,A"]
[Result "1/2-1/2"]
[WhiteElo "2461"]
[BlackElo "2336"]

1.e4 c5 2.Nc3 e6 3.Nge2 Nc6 4.d4 cxd4 5.Nxd4 Nf6 6.Ndb5 Bb4 7.a3 Bxc3+ 8.Nxc3 d5
9.exd5 exd5 10.Bd3 O-O 11.O-O d4 12.Ne2 Bg4 13.Bg5 Qd6 14.Qd2 Bxe2 15.Qxe2 Rfe8
16.Qf3 Ne5 17.Qg3 Nh5 18.Qh3 Nxd3 19.Qxd3 Nf4 20.Bxf4 Qxf4 21.Rfe1  1/2-1/2

[Event "VII Ugra Governor's Cup"]
[Site "Khanty-Mansiysk RUS"]
[Date "2011.09.07"]
[Round "8"]
[White "Drogovoz,I"]
[Black "Sukhareva,E"]
[Result "0-1"]
[WhiteElo "1806"]
[BlackElo "2180"]

1.e4 c5 2.Nf3 e6 3.d4 cxd4 4.Nxd4 Nc6 5.Nc3 Qc7 6.Be3 a6 7.Nb3 b5 8.Qd2 Nf6
9.f3 Be7 10.O-O-O O-O 11.g4 d6 12.g5 Nd7 13.h4 Nce5 14.Nd4 Nb6 15.b3 d5 16.Nb1 dxe4
17.fxe4 Ng4 18.Bg2 Nxe3 19.Qxe3 Bb7 20.Kb2 Rac8 21.c3 Bc5 22.Qe2 b4 23.Rh3 Rfd8
24.Nc2 Qe5 25.Re1 Rd7 26.Rd3 Rdc7 27.Qd2 Be7 28.Ree3 f6 29.gxf6 bxc3+ 30.Nxc3 Bxf6
31.Nd4 Rxc3 32.Rxc3 Qxd4 33.Rd3 Qxc3+ 34.Rxc3 Bxc3+ 35.Qxc3 Rxc3  0-1

[Event "TCh-POL 1st League"]
[Site "Mrzezyno POL"]
[Date "2011.09.07"]
[Round "5"]
[White "Barski,R"]
[Black "Butkiewicz,L"]
[Result "0-1"]
[WhiteElo "2255"]
[BlackElo "2430"]

1.e4 c5 2.Nf3 e6 3.d4 cxd4 4.Nxd4 Nc6 5.Nc3 Qc7 6.Be3 a6 7.Bd3 Nf6 8.O-O h5
9.h3 b5 10.Qe2 Bb7 11.Nb3 Ne5 12.f4 Nc4 13.Bd4 h4 14.a4 Nh5 15.axb5 Ng3 16.Qf3 Nxf1
17.Qxf1 e5 18.fxe5 Nxe5 19.b6 Qb8 20.Nd5 Bd6 21.Ra5 f6 22.Be2 O-O 23.Qf2 Qe8
24.Qxh4 Rc8 25.Bh5 Qe6 26.Nf4 Qc4 27.Nd5 Qxc2 28.Ra1 Bxd5 29.exd5 Rc4  0-1

[Event "TCh-POL 1st League"]
[Site "Mrzezyno POL"]
[Date "2011.09.07"]
[Round "5"]
[White "Tazbir,M"]
[Black "Stachowiak,K"]
[Result "1/2-1/2"]
[WhiteElo "2520"]
[BlackElo "2425"]

1.e4 c5 2.Nf3 e6 3.d4 cxd4 4.Nxd4 Nc6 5.Nc3 Qc7 6.Be3 a6 7.Bd3 Nf6 8.O-O h5
9.h3 b5 10.a3 Bb7 11.Qe2 Rc8 12.f4 Nxd4 13.Bxd4 Bc5 14.Qf2 h4 15.Bxc5 Qxc5
16.Qxc5 Rxc5 17.e5 Nh5 18.Ne2 g6 19.b4 Rc7 20.a4 bxa4 21.Rxa4 Ke7 22.c4 Rb8
23.Rb1 f5 24.exf6+ Nxf6 25.Nc3 Nh5 26.Ne2 Nf6 27.Nc3 Nh5 28.Ne2 Nf6  1/2-1/2

[Event "1st Barclays Open A"]
[Site "Rome ITA"]
[Date "2011.09.07"]
[Round "5.5"]
[White "Solodovnichenko,Y"]
[Black "Di Berardino,D"]
[Result "1-0"]
[WhiteElo "2622"]
[BlackElo "2483"]

1.e4 c5 2.Nf3 e6 3.d4 cxd4 4.Nxd4 Nc6 5.Nc3 Qc7 6.Be3 a6 7.Qd2 Nf6 8.O-O-O Be7
9.f4 d6 10.Be2 O-O 11.g4 Nxd4 12.Qxd4 e5 13.Qd2 exf4 14.Bxf4 b5 15.a3 Bb7
16.Bf3 Qb6 17.g5 Nd7 18.Bxd6 Bxd6 19.Qxd6 Qe3+ 20.Kb1 Qxf3 21.Rhf1 Qh5 22.Qxd7 Bc8
23.Qd2 Be6 24.Nd5 Rab8 25.Rg1 Kh8 26.Qf2 Qg6 27.Rd4 Bxd5 28.exd5 Qd6 29.Qg3 Qc5
30.Rgd1 a5 31.d6 b4 32.d7 Rbd8 33.axb4 axb4 34.Qd6  1-0

[Event "VII Ugra Governor's Cup"]
[Site "Khanty-Mansiysk RUS"]
[Date "2011.09.08"]
[Round "9"]
[White "Bezgodov,A"]
[Black "Jumabayev,R"]
[Result "0-1"]
[WhiteElo "2503"]
[BlackElo "2589"]

1.e4 c5 2.Nf3 e6 3.d4 cxd4 4.Nxd4 Nc6 5.Nc3 a6 6.Be2 d6 7.Be3 Nf6 8.f4 Be7
9.Bf3 Qc7 10.Qe2 Nxd4 11.Bxd4 e5 12.Be3 Be6 13.O-O-O Rc8 14.g4 Qa5 15.g5 Nd7
16.f5 Bxa2 17.Qe1 Bc4 18.Kb1 b5 19.Be2 b4 20.Bxc4 bxc3 21.Bb3 Qb4 22.Rd3 Qxe4
23.Rf1 cxb2 24.g6 O-O 25.gxf7+ Kh8 26.Kxb2 Rb8 27.Kc1 Rfc8 28.Rc3 d5 29.Bd2 Qd4
30.Rxc8+ Rxc8 31.Kb1 Ba3 32.Bc1 Bxc1 33.Qxc1 Qc5 34.Rd1 Nf6 35.Qb2 Qd6 36.Ka2 g6
37.fxg6 hxg6 38.c4 d4 39.Qg2 Kg7 40.Rg1 Nd7 41.Qb7 Rf8 42.c5 Qxc5 43.Qd5 Qxd5
44.Bxd5 Rd8 45.Bc4 d3 46.Kb2 e4 47.Re1 d2 48.Rd1 e3 49.Kc2 Ne5  0-1

[Event "TUR-IRI Friendship Match"]
[Site "Ankara TUR"]
[Date "2011.09.09"]
[Round "1.3"]
[White "Haznedaroglu,K"]
[Black "Ghaem Maghami,E"]
[Result "1-0"]
[WhiteElo "2444"]
[BlackElo "2583"]

1.e4 c5 2.Nf3 e6 3.d4 cxd4 4.Nxd4 Nc6 5.Nc3 Qc7 6.Be3 a6 7.Bd3 Nf6 8.O-O Bd6
9.h3 b5 10.Nxc6 Qxc6 11.a3 Bb7 12.Re1 O-O 13.Bd4 e5 14.Be3 h6 15.Qf3 Be7
16.Rad1 Qe6 17.Bc1 Rac8 18.Qg3 d6 19.a4 b4 20.Nb1 Rfd8 21.b3 d5 22.exd5 Rxd5
23.Bc4 Rxd1 24.Rxd1 Qf5 25.Bxh6 Bf8 26.Be3 Qxc2 27.Rc1 Qf5 28.Nd2 Bd5 29.Re1 Bxc4
30.Nxc4 Qc2 31.Nd2 Rd8 32.Qxe5 Rxd2 33.Bxd2 Qxd2 34.Qe3 Qd5 35.Rc1 g6 36.g3 Kg7
37.Rc4 Qd1+ 38.Kg2 Qd5+ 39.Qf3 Qxf3+ 40.Kxf3 Nd7 41.Rd4 Ne5+ 42.Ke4 Nc6 43.Rd3 Kf6
44.Kd5 Nd8 45.Rf3+ Ke7 46.Kc5 Kd7+ 47.Kb6 Bd6 48.h4 f5 49.h5 gxh5 50.Rxf5 Ne6
51.Rd5 a5 52.f4 h4 53.gxh4 Nxf4 54.Rd1 Nh5 55.Kxa5 Kc6 56.Rxd6+ Kxd6 57.Kxb4 Ng3
58.a5 Kc6 59.Kc4 Kb7 60.b4 Ka6 61.Kd5 Kb5 62.Ke5 Nh5 63.Kf5 Ng3+ 64.Kg4 Ne4
65.h5  1-0

[Event "TCh-POL 1st League"]
[Site "Mrzezyno POL"]
[Date "2011.09.09"]
[Round "7"]
[White "Maciejczak,J"]
[Black "Stachowiak,K"]
[Result "1/2-1/2"]
[WhiteElo "2355"]
[BlackElo "2425"]

1.e4 c5 2.Nf3 e6 3.d4 cxd4 4.Nxd4 Nc6 5.Nc3 Qc7 6.g3 a6 7.Bg2 d6 8.O-O Bd7
9.Nxc6 Bxc6 10.a4 Be7 11.Qe2 Nf6 12.Be3 O-O 13.a5 Nd7 14.Rfd1 Rae8 15.Bd4 Rc8
16.Qe1 h6 17.Qe2 Bf6 18.h3 Rfd8 19.Bxf6 Nxf6 20.Rd4 d5 21.exd5 Nxd5 22.Nxd5 Bxd5
23.Bxd5 Rxd5 24.Rxd5 exd5 25.c3 Qc4 26.Qxc4 Rxc4 27.Ra3 d4 28.cxd4 Rxd4 29.Rb3 Rd5
30.Rxb7 Rxa5  1/2-1/2

[Event "FSFM September"]
[Site "Budapest HUN"]
[Date "2011.09.10"]
[Round "8"]
[White "Letay,G"]
[Black "Dancs,Z"]
[Result "1/2-1/2"]
[WhiteElo "2028"]
[BlackElo "2156"]

1.e4 c5 2.Nc3 e6 3.Nf3 Nc6 4.d4 cxd4 5.Nxd4 Qb6 6.Nb3 a6 7.Be3 Qc7 8.f4 d6
9.Be2 Nf6 10.O-O Be7 11.Bf3 Bd7 12.Qe1 O-O 13.Rd1 Rac8 14.Qf2 b5 15.a3 b4
16.axb4 Nxb4 17.Rd2 Bc6 18.Nd4 Ba8 19.g4 d5 20.e5 Ne4 21.Nxe4 dxe4 22.Bd1 Nd5
23.c3 Rfd8 24.Bc2 Nxe3 25.Qxe3 Qb7 26.Bb1 Rxd4 27.cxd4 h6 28.Rc2 Rd8 29.Rfc1 f5
30.gxf5 exf5 31.Rc7 Qb4 32.Qc3 Bd5 33.Rc8 Rxc8 34.Qxc8+ Kh7 35.Qxf5+ g6 36.Qd7 Qxd4+
37.Kg2 Qd2+ 38.Kh3 Qe3+ 39.Kg2 Qd2+ 40.Kh3 Qe3+ 41.Kg2  1/2-1/2

[Event "8th LGA Premium Cup"]
[Site "Nuernberg GER"]
[Date "2011.09.10"]
[Round "5.38"]
[White "Zwahr,P"]
[Black "Bauer,Andreas1"]
[Result "1-0"]
[WhiteElo "2354"]
[BlackElo "2199"]

1.e4 c5 2.Nf3 e6 3.d4 cxd4 4.Nxd4 Nc6 5.Nc3 Qb6 6.Ndb5 Bc5 7.Qd2 Qd8 8.Nd6+ Bxd6
9.Qxd6 a6 10.Be3 Qe7 11.Qg3 f6 12.O-O-O b5 13.Be2 Qf7 14.Rd2 Nge7 15.Rhd1 O-O
16.Bc5 Re8 17.f4 Rb8 18.Bf3 b4 19.Ne2 Rb5 20.Be3 e5 21.Kb1 exf4 22.Nxf4 Ne5
23.Bh5 g6 24.Be2 Ra5 25.b3 Kh8 26.Bb6 Ra3 27.Bc5 a5 28.Nd3 Nc4 29.bxc4 Qxc4
30.Nxb4 Qxc5 31.Qxa3 axb4 32.Qb3 Kg7 33.Qc4 Qe5 34.h3 Bb7 35.Rxd7 Bxe4 36.Bf3 Bf5
37.Rc7 Kf8 38.Qc5 Qg3 39.Qd6 Qxd6 40.Rxd6  1-0

[Event "ch-Euro Youth b14"]
[Site "Albena BUL"]
[Date "2011.09.11"]
[Round "1.4"]
[White "Lekic,L"]
[Black "Boruchovsky,A"]
[Result "1-0"]
[WhiteElo "1935"]
[BlackElo "2326"]

1.e4 c5 2.Nf3 e6 3.d4 cxd4 4.Nxd4 Nc6 5.Nc3 Qc7 6.Be2 a6 7.O-O Nf6 8.Kh1 b5
9.Nxc6 dxc6 10.f4 Bb7 11.e5 Rd8 12.Qe1 Nd5 13.Ne4 Nb4 14.Bd1 c5 15.a3 Nc6
16.Be3 Nxe5 17.Nxc5 Bxc5 18.Bxc5 Qxc5 19.Qxe5 Qxe5 20.fxe5 Rd2 21.Bf3 Bxf3
22.Rxf3 Rxc2 23.h3 Rxb2 24.Rc1 O-O 25.Rc6 a5 26.Ra6 a4 27.Rb6 h6 28.Rb7 f6
29.Rd3 Rf7 30.Rd8+ Rf8 31.Rdd7 Rc8 32.Rxg7+ Kf8 33.Rbf7+ Ke8 34.Re7+ Kf8
35.exf6 Rf2 36.Ref7+ Ke8 37.Rh7  1-0

[Event "ch-Euro Youth b16"]
[Site "Albena BUL"]
[Date "2011.09.11"]
[Round "1.29"]
[White "Srbis,J"]
[Black "Kisic,B"]
[Result "1-0"]
[WhiteElo "2292"]
[BlackElo "1982"]

1.e4 c5 2.Nf3 e6 3.d4 cxd4 4.Nxd4 Nc6 5.Nc3 Qc7 6.Be2 a6 7.O-O b5 8.Be3 Nf6
9.a3 Bb7 10.Kh1 Be7 11.f4 h5 12.e5 Ng4 13.Bg1 Nxd4 14.Qxd4 Nh6 15.Bf3 Nf5
16.Qb6 Qxb6 17.Bxb6 Bxf3 18.Rxf3 Rb8 19.Bf2 d5 20.exd6 Nxd6 21.Re1 Kd7 22.Rd3 g6
23.Ne4 Kc6 24.Rc3+ Kd7 25.Rd1 Rhc8 26.Bc5 Rc6 27.Bxd6 Rxd6 28.Nxd6 Bxd6 29.g3 Rb6
30.Kg2 f6 31.Kf3 e5 32.Ke4 Ke6 33.Rc8 b4 34.a4 b3 35.cxb3 Rb4+ 36.Rc4  1-0

[Event "ch-Euro Youth b14"]
[Site "Albena BUL"]
[Date "2011.09.11"]
[Round "1.20"]
[White "Procop,E"]
[Black "Lamard,G"]
[Result "0-1"]
[WhiteElo "1863"]
[BlackElo "2161"]

1.e4 c5 2.Nf3 e6 3.d4 cxd4 4.Nxd4 Nc6 5.Nc3 Qc7 6.Be3 a6 7.a4 Nf6 8.Be2 Bb4
9.Bf3 Ne5 10.Ne2 b6 11.Bf4 d6 12.Bxe5 dxe5 13.O-O O-O 14.Qc1 h6 15.Na2 Be7
16.c3 Bb7 17.Qc2 Rad8 18.Ng3 Nd7 19.Rfd1 Bg5 20.Qe2 Nc5 21.Nb4 a5 22.Nc2 Ba6
23.Qe1 Nd3 24.Qf1 Nb4 25.Be2 Nxc2 26.Rab1 Bxe2 27.Qxe2 Nd4 28.cxd4 exd4 29.Rd3 g6
30.Rbd1 e5 31.b3 Rd6 32.Qg4 Qd7 33.Qf3 Rc8 34.Nf1 Rdc6 35.g3 h5 36.h4 Bh6
37.Nd2 Bxd2 38.R1xd2 Rc1+ 39.Kg2 Qe6 40.Qe2 R8c3 41.Qf3 Qxb3 42.Rxc3 Qxc3
43.Rd3 Qe1  0-1

[Event "TUR-IRI Friendship Match"]
[Site "Ankara TUR"]
[Date "2011.09.11"]
[Round "3.2"]
[White "Yilmaz,M"]
[Black "Ghaem Maghami,E"]
[Result "1-0"]
[WhiteElo "2505"]
[BlackElo "2583"]

1.e4 c5 2.Nf3 Nc6 3.d4 cxd4 4.Nxd4 e6 5.Nc3 Qc7 6.g3 a6 7.Bg2 Nf6 8.O-O Be7
9.Re1 O-O 10.Nxc6 dxc6 11.e5 Rd8 12.Qf3 Nd5 13.h4 b6 14.Bg5 Bb7 15.Ne4 c5
16.Rad1 Bc6 17.a3 Bxg5 18.hxg5 Ne7 19.Rd6 Rac8 20.Red1 Bxe4 21.Qxe4 Nf5 22.R6d2 h5
23.gxh6 Nxh6 24.Qb7 Rxd2 25.Rxd2 Ng4 26.Qxc7 Rxc7 27.Rd6 Nxe5 28.Rxb6 Rd7
29.Kf1 Rd1+ 30.Ke2 Rc1 31.Rb8+ Kh7 32.Kd2 Rg1 33.Bb7 Rf1 34.Ke2 Rc1 35.Kd2 Rf1
36.f4 Nc4+ 37.Kc3 Ne3 38.Bxa6 Rf3 39.Bd3+ f5 40.b4 cxb4+ 41.axb4 g5 42.Kd4 gxf4
43.gxf4 Ng4 44.b5 Rxf4+ 45.Kc5 Ne5 46.Rd8 Rf2 47.b6 Nxd3+ 48.cxd3 Rc2+ 49.Kd6 Rb2
50.Kc7 Rc2+ 51.Kb8 f4 52.Rf8 e5 53.b7 Kg7 54.Rc8  1-0

[Event "2nd Zlatni Rat Open"]
[Site "Bol CRO"]
[Date "2011.09.11"]
[Round "3.1"]
[White "Brkic,A"]
[Black "Jovanic,O"]
[Result "1-0"]
[WhiteElo "2606"]
[BlackElo "2491"]

1.e4 c5 2.Nf3 e6 3.d4 cxd4 4.Nxd4 Nc6 5.Nc3 Qc7 6.Be3 a6 7.Qd2 Nf6 8.O-O-O Bb4
9.f3 Ne5 10.Nb3 b5 11.Qf2 O-O 12.Bb6 Qb8 13.Bd4 Ng6 14.h4 h5 15.g4 hxg4 16.h5 g3
17.Qg1 Ne7 18.h6 Bd6 19.Ne2 Ng6 20.hxg7 Kxg7 21.Kb1 Rh8 22.Rxh8 Nxh8 23.f4 Bxf4
24.Nxf4 Qxf4 25.Bg2 Qb8 26.e5 Ng8 27.Qh1 Ra7 28.Be4 Ng6 29.Rf1 Nh6 30.Qf3 Kh7
31.Qxg3 f5 32.Qg5 Ng8 33.Bxf5 exf5 34.Rh1+ Kg7 35.e6+ Kf8 36.Qxf5+  1-0

[Event "8th LGA Premium Cup"]
[Site "Nuernberg GER"]
[Date "2011.09.11"]
[Round "6.51"]
[White "Seibold,H"]
[Black "Lange,Ca"]
[Result "1-0"]
[WhiteElo "2214"]
[BlackElo "2056"]

1.e4 c5 2.Nf3 e6 3.d4 cxd4 4.Nxd4 Nc6 5.Nc3 Qc7 6.Be3 Nf6 7.Be2 a6 8.a3 b5
9.f4 Bb7 10.Bf3 d6 11.Nb3 Be7 12.Qe2 Nd7 13.Qf2 Bf6 14.Nd4 O-O 15.O-O g6
16.Rad1 Rad8 17.f5 Nxd4 18.Bxd4 Bxd4 19.Rxd4 exf5 20.exf5 Bxf3 21.Qxf3 Qa7
22.Qf4 Ne5 23.Kh1 f6 24.fxg6 hxg6 25.Nd5 Kg7 26.c3 f5 27.Qg5 Qf7 28.Nf4 Rh8
29.h3 Rhe8 30.Nh5+ Kh8 31.Nf6 Kg7 32.Nxe8+ Qxe8 33.Rxf5  1-0

[Event "ch-Euro Youth b16"]
[Site "Albena BUL"]
[Date "2011.09.12"]
[Round "2.1"]
[White "Emiroglu,C"]
[Black "Bukavshin,I"]
[Result "1/2-1/2"]
[WhiteElo "2242"]
[BlackElo "2539"]

1.e4 c5 2.Nf3 e6 3.d4 cxd4 4.Nxd4 Nc6 5.Nc3 Qc7 6.g3 a6 7.Bg2 Nf6 8.O-O Nxd4
9.Qxd4 Bc5 10.Bf4 d6 11.Qd3 Nd7 12.Na4 e5 13.Bd2 Bd4 14.Bc3 Nc5 15.Nxc5 Bxc5
16.b3 Be6 17.Bd2 O-O 18.c4 a5 19.Kh1 a4 20.f4 f6 21.f5 Bd7 22.g4 g5 23.fxg6 hxg6
24.Bh6 Rf7 25.g5 f5 26.exf5 Bxf5 27.Rxf5 Rxf5 28.Bd5+ Kh8 29.b4 Bd4 30.Rf1 Qd7
31.Rf3 Rxf3 32.Qxf3 Qf5 33.Qxf5 gxf5 34.g6 e4 35.Kg2 Re8 36.Bf7 Rc8 37.b5 Be5
38.h4 f4 39.h5 f3+ 40.Kh3 Bd4 41.Kg3 Be5+ 42.Kh3 Bd4 43.Kg3 d5 44.Bxd5 Re8
45.Bf7 f2 46.Kg2 e3 47.g7+ Kh7 48.Bxe3 Bxe3 49.Bxe8 Kxg7 50.Bg6 b6 51.Bd3 a3
52.Kf3 Bc5  1/2-1/2

[Event "ch-Euro Youth b14"]
[Site "Albena BUL"]
[Date "2011.09.12"]
[Round "2.14"]
[White "Lamard,G"]
[Black "Harvan,R"]
[Result "1/2-1/2"]
[WhiteElo "2161"]
[BlackElo "1961"]

1.e4 c5 2.Nf3 Nc6 3.d4 cxd4 4.Nxd4 e6 5.Nc3 Nf6 6.Ndb5 d6 7.Bf4 e5 8.Bg5 a6
9.Na3 Be7 10.Bxf6 gxf6 11.Bc4 f5 12.exf5 Bxf5  1/2-1/2

[Event "US Chess League 2011"]
[Site "ICC INT"]
[Date "2011.09.12"]
[Round "3"]
[White "Schmakel,Sam A"]
[Black "Thompson,Nick"]
[Result "1-0"]
[WhiteElo "2090"]
[BlackElo "2086"]

1.e4 c5 2.Nf3 e6 3.d4 cxd4 4.Nxd4 Nc6 5.Nc3 Qc7 6.g3 a6 7.Bg2 Nf6 8.O-O d6
9.Re1 Bd7 10.Nxc6 bxc6 11.Bf4 e5 12.Bg5 Be7 13.Qd3 h6 14.Bxf6 Bxf6 15.Rad1 Be7
16.f4 Be6 17.f5 Bc8 18.Na4 Bb7 19.c4 Rd8 20.Qc3 Bf6 21.c5 d5 22.Nb6 d4 23.Qa3 O-O
24.b4 Qe7 25.Bf1 g6 26.fxg6 fxg6 27.Bxa6 Bxa6 28.Qxa6 Bg5 29.Rf1 Kg7 30.Qd3 Qe6
31.Nc4 h5 32.Rxf8 Rxf8 33.Rf1 Rxf1+ 34.Qxf1 h4 35.a4 hxg3 36.hxg3 Qg4 37.Qd3 Qh3
38.Qf3 Qe6 39.Qf1 Qg4 40.Qf7+ Kh6 41.Qxg6+ Kxg6 42.Nxe5+ Kh5 43.Nxg4 Kxg4
44.a5 d3 45.Kf1 Kf3 46.Ke1 Kxe4 47.a6 Kd4 48.a7 Kc3 49.Kd1  1-0

[Event "WGM Pancevo"]
[Site "Pancevo SRB"]
[Date "2011.09.12"]
[Round "4.1"]
[White "Eric,J"]
[Black "Vojinovic,J"]
[Result "1/2-1/2"]
[WhiteElo "2245"]
[BlackElo "2299"]

1.e4 c5 2.Nf3 e6 3.d4 cxd4 4.Nxd4 Nc6 5.Nc3 d6 6.Be2 Be7 7.Be3 Nf6 8.f4 O-O
9.Qd2 e5 10.Nb3 a5 11.a4 Nb4 12.O-O Qc7 13.f5 Bd7 14.g4 Bc6 15.Bf3 h6 16.h4 Nh7
17.g5 hxg5 18.hxg5 Qd8 19.g6 fxg6 20.fxg6 Nf6 21.Qg2 Qe8 22.Bg4 Nxg4 23.Qxg4 Rf6
24.Rxf6 Bxf6 25.Rf1 Kf8 26.Qh5 Ke7 27.Rxf6 gxf6 28.Qh7+ Ke6 29.Qh3+ Ke7 30.Qh7+ Ke6
31.Qh3+  1/2-1/2

[Event "ch-Euro Youth b18"]
[Site "Albena BUL"]
[Date "2011.09.13"]
[Round "3.7"]
[White "Ter Sahakyan,S"]
[Black "Wieczorek,O"]
[Result "1/2-1/2"]
[WhiteElo "2566"]
[BlackElo "2321"]

1.e4 c5 2.Nf3 e6 3.d4 cxd4 4.Nxd4 Nc6 5.Nc3 Qc7 6.Be3 a6 7.Qd2 Nf6 8.O-O-O Be7
9.f3 h5 10.Bd3 b5 11.h3 h4 12.Kb1 Bb7 13.Rhe1 Ne5 14.f4 Nc4 15.Bxc4 Qxc4
16.e5 Ne4 17.Nxe4 Bxe4 18.Qf2 g6 19.Bc1 Bd5 20.b3 Qc5 21.Be3 Qc3 22.f5 Ba3
23.Bc1 Bxc1 24.Kxc1 Qg3 25.Qxg3 hxg3 26.fxg6 fxg6 27.Rd3 Bxg2 28.Rxg3 Bb7
29.Rxg6 Rxh3 30.Rg8+ Kf7 31.Rgg1 Rah8 32.Kb2 R3h4 33.Rd1 Bd5 34.Kc3 Re4 35.Rgf1+ Ke8
36.Rfe1 Rhh4 37.a3 Kd8 38.Rxe4 Rxe4 39.Kb4 Rxe5 40.Ka5 Kc7 41.Kxa6 Bb7+ 42.Ka5 Bc6
43.Rg1 Rd5 44.Nxc6 dxc6 45.Rg7+ Kd6 46.Kb4 Ke5  1/2-1/2

[Event "ch-Euro Youth g16"]
[Site "Albena BUL"]
[Date "2011.09.14"]
[Round "4.16"]
[White "Monpeurt,C"]
[Black "Gogishvili,D"]
[Result "0-1"]
[WhiteElo "2011"]
[BlackElo "1874"]

1.e4 c5 2.Nf3 e6 3.d4 cxd4 4.Nxd4 Nc6 5.Nc3 Qc7 6.Be3 a6 7.Bd3 Nf6 8.O-O Bb4
9.Nxc6 bxc6 10.f4 d6 11.Qf3 e5 12.Qg3 Ng4 13.Bd2 exf4 14.Rxf4 h5 15.Raf1 Be6
16.Kh1 g5 17.Rxg4 hxg4 18.Nd5 cxd5 19.Bxb4 dxe4 20.Bxd6 Qc6 21.Be2 O-O-O
22.Be5 Rh7 23.Qa3 Kb7 24.Qb4+ Ka8 25.Qa3 Bc4 26.Bxc4 Qxc4 27.Re1 f5 28.b3 Qb5
29.Bf6 Rg8 30.c4 Qc6 31.Be5 Rd8 32.b4 Rd3 33.b5 Qc8 34.Qa5 Rhd7 35.b6 Qxc4
36.Bc7 Qb5 37.Qxb5 axb5 38.g3 Kb7 39.Kg2 Rd2+ 40.Kf1 Rxh2 41.a3 Rh1+ 42.Ke2 Rxe1+
43.Kxe1 Rxc7  0-1

[Event "11th Josipa Ipavca Mem"]
[Site "Sentjur SLO"]
[Date "2011.09.14"]
[Round "1"]
[White "Buzeti,J"]
[Black "Bratkovic,Sham"]
[Result "1-0"]
[WhiteElo "2301"]
[BlackElo "1838"]

1.e4 c5 2.Nf3 Nc6 3.Nc3 e6 4.d4 cxd4 5.Nxd4 Qc7 6.Be3 a6 7.Qd2 Nf6 8.O-O-O Bb4
9.f3 O-O 10.g4 b5 11.g5 Ne8 12.a3 Ba5 13.Nxc6 Qxc6 14.Qd3 Nc7 15.Ne2 d5 16.Nd4 Qd6
17.e5 Qd7 18.Nb3 b4 19.Nxa5 Qa4 20.axb4 Qa1+ 21.Kd2 Qxb2 22.Qc3 Qxc3+ 23.Kxc3 Bd7
24.Bb6 d4+ 25.Kb2 Nb5 26.Bc5 Rfc8 27.Rxd4 Rab8  1-0

[Event "ch-Euro Youth b18"]
[Site "Albena BUL"]
[Date "2011.09.15"]
[Round "5.21"]
[White "Vardanian,HaiG"]
[Black "Potpara,N"]
[Result "1-0"]
[WhiteElo "2325"]
[BlackElo "2181"]

1.e4 c5 2.Nf3 e6 3.d4 cxd4 4.Nxd4 Nc6 5.Nc3 Qc7 6.Be3 Nf6 7.Qd2 a6 8.f3 Be7
9.g4 O-O 10.O-O-O b5 11.g5 Nh5 12.Nce2 Rd8 13.f4 g6 14.Kb1 e5 15.fxe5 Nxe5
16.Nf4 Nxf4 17.Bxf4 Bb7 18.Qe2 Bf8 19.h4 Bg7 20.h5 Qc5 21.Nb3 Qe7 22.Na5 Bc6
23.Bc1 Nc4 24.Nxc6 dxc6 25.hxg6 Qb4 26.gxf7+ Kf8 27.Rd3 Nxb2 28.a3 Qc5 29.Bxb2 Bxb2
30.Kxb2 Qe5+  1-0